000 01029nas a2200313 4500
001 BR0801837
003 BR-BrBNA
005 20231205111845.0
007 ta
008 230509b bl.|||p| |||| 00| 00por d
040 _aBR-BrBNA
_bpor
_cBiblioteca Nacional de Agricultura
041 _a(Pt)
072 _aH10
100 1 _aSilva, A.L. da
100 1 _aCarneiro, I.F.
100 1 _aCouto, D.
100 1 _aSilveira, C.A. da
245 1 _aControle químico do pulgão verde (Myzus persicae Sulzer, 1776)e da vaquinha (Diabrotica speciosa Germ., 1824)na cultura do tomate rasteiro
650 _aTOMATE
650 _aPRAGA DE PLANTA
650 _aPULGÃO VERDE
650 _aVAQUINHA
650 _aINSETICIDA
650 _aCONTROLE QUÍMICO
650 _aVARIEDADE RESISTENTE
773 0 _tAnais da Escola de Agronomia e Veterinária - Universidade Federal de Goiás (Brazil)
_xISSN 0100-218X
_g(Jul-Dec 1995), v. 25(2) p. 93-97
_wBR0801837
909 _a202311
_bLúcia
_c55
_dLúcia Elande
942 _2AGRIS
_n0
_cANA
999 _c194822
_d194822